000 00453nmm a2200157Ia 4500
008 251105s9999||||xx |||||||||||||||||und||
020 _a9788425230431
041 _aspa
100 _aBerzbach, Frank
245 0 _aEl arte de llevar una vida creativa
264 _a[Madrid, España] :
_bEditorial Gustavo Gili,
_c2017
300 _a168 páginas
650 _aArts in general
856 _uhttps://public.digitaliapublishing.com/a/49672
942 _cCF
999 _c80347
_d80347